|
|
|
|
| LEADER |
00000nab a2200000 a 4500 |
| 001 |
vtls011120144 |
| 003 |
SK-MaSNL |
| 005 |
20260303145457.0 |
| 008 |
230222|2012 xo |||||||||||||||||slo| |
| 015 |
|
|
|a SNBRB
|
| 035 |
|
|
|a (uuid)90727c26-a1c8-42cd-8ace-7ee7229d710a
|
| 035 |
|
|
|a (urnnbn)urn:nbn:sk:snk:ar-a08p6p
|
| 035 |
|
|
|a urn:nbn:sk:snk-ab9qq2
|
| 040 |
|
|
|a SNKBUCL
|b slo
|c SNKBUCL
|e AACR2
|
| 041 |
0 |
|
|a slo
|
| 044 |
|
|
|a xo
|c SK
|
| 100 |
1 |
|
|a Singovszki, Miloš
|4 aut
|9 780237
|
| 245 |
1 |
0 |
|a APLIKÁCIA FAKTOROVEJ ANALÝZY V ZÁUJME EFEKTÍVNEHO SPRAVOVANIA BUDOV
|c Miloš Singovszki, Zuzana Vranayová
|
| 700 |
1 |
|
|a Vranayová, Zuzana,
|d 1964-
|4 aut
|9 219876
|
| 773 |
0 |
|
|t Správca bytových domov : odborný časopis zaoberajúci sa správou bytových domov
|g Roč. 7, č. 5 (2012), s. 20-21
|
| 954 |
|
|
|a odborná, vedecká literatúra pôvodná (slovenská)
|2 lita
|
| 958 |
|
|
|a OND
|
| 958 |
|
|
|a EUIPO
|
| 958 |
|
|
|a article13
|
| 999 |
|
|
|c 2003243
|d 2005173
|